Effectiveness of Digital Content Distribution Channels

Digitálny marketing sa ukázal ako zásadný základ pre obchodný úspech uprostred rýchlo sa vyvíjajúceho prostredia online kanálov. V tomto dynamickom kontexte je nevyhnutné neustále vyhodnocovať a analyzovať efektívnosť distribučných kanálov digitálneho obsahu. Tento článok sa snaží systematicky zhodn...

Descripción completa

Guardado en:
Detalles Bibliográficos
Autor principal: Balaščáková, Simona, 1999-
Otros Autores: Drábik, Peter, 1981-
Formato: Capítulo de libro
Lenguaje:inglés
Materias:
Etiquetas: Agregar Etiqueta
Sin Etiquetas, Sea el primero en etiquetar este registro!

MARC

LEADER 00000naa a2200000 4500
001 0305550
005 20241211115843.5
041 0 |a eng 
044 |a SK 
245 1 0 |a Effectiveness of Digital Content Distribution Channels  |c Simona Balaščáková, Peter Drábik 
520 |a Digitálny marketing sa ukázal ako zásadný základ pre obchodný úspech uprostred rýchlo sa vyvíjajúceho prostredia online kanálov. V tomto dynamickom kontexte je nevyhnutné neustále vyhodnocovať a analyzovať efektívnosť distribučných kanálov digitálneho obsahu. Tento článok sa snaží systematicky zhodnotiť teoretické základy digitálneho marketingu so špecifickým zameraním na distribučné kanály digitálneho obsahu. S cieľom ponúknuť komplexné hodnotenie výkonnosti týchto kanálov článok integruje kritickú analýzu existujúcich teoretických rámcových modelov so skúmaním súčasných trendov a praktík v digitálnom marketingu. Navrhnuté teoretické rámce slúžia ako základ pre ďalší pokrok v oblasti digitálneho marketingu. Článok končí diskusiou o dôsledkoch zistení pre marketingových manažérov a poskytuje odporúčania na optimalizáciu využívania distribučných kanálov digitálneho obsahu na dosiahnutie maximálneho úspechu v online prostredí. 
610 2 0 |a médiá sociálne 
610 2 0 |a marketing elektronický 
610 2 0 |a distribúcia informácií 
100 1 |a Balaščáková, Simona, 1999- 
700 1 |a Drábik, Peter, 1981-